Statistics for Best Superbowl Starting QBs

Click here to take the quiz!

General Stats

  • This quiz has been taken 9 times
    (5 since last reset)
  • The average score is 36 of 65

Answer Stats

Answer% Correct
Ben Roethlisberger
100%
Dan Marino
100%
Eli Manning
100%
Patrick Mahomes
100%
Peyton Manning
100%
Tom Brady
100%
Aaron Rodgers
80%
Bart Starr
80%
Brett Favre
80%
Donovan McNabb
80%
Drew Brees
80%
Joe Burrow
80%
Joe Theismann
80%
Kurt Warner
80%
Len Dawson
80%
Matthew Stafford
80%
Nick Foles
80%
Roger Staubach
80%
Russell Wilson
80%
Bob Griese
60%
Brad Johnson
60%
Cam Newton
60%
Drew Bledsoe
60%
Fran Tarkenton
60%
Jared Goff
60%
Jim Kelly
60%
Jimmy Garoppolo
60%
Joe Montana
60%
Joe Namath
60%
Johnny Unitas
60%
Ken Anderson
60%
Matt Ryan
60%
Steve McNair
60%
Steve Young
60%
Terry Bradshaw
60%
Troy Aikman
60%
Billy Kilmer
40%
Boomer Esiason
40%
Chris Chandler
40%
Colin Kaepernick
40%
Doug Williams
40%
Earl Morrall
40%
Jake Delhomme
40%
Jim McMahon
40%
Joe Flacco
40%
John Elway
40%
Kerry Collins
40%
Mark Rypien
40%
Matt Hasselbeck
40%
Phil Simms
40%
Rex Grossman
40%
Rich Gannon
40%
Ron Jaworski
40%
Trent Dilfer
40%
Craig Morton
20%
Daryle Lamonica
20%
David Woodley
20%
Jeff Hostetler
20%
Jim Plunkett
20%
Joe Kapp
20%
Ken Stabler
20%
Neil O'Donnell
20%
Stan Humphries
20%
Tony Eason
20%
Vince Ferragamo
20%

Score Distribution

Percentile by Number Answered

Percent of People with Each Score

Your Score History

You have not taken this quiz since the last reset